Les 50 plus grandes villes de Wallonie - Statistiques

Statistiques générales
  • Ce quiz a été pris 334 fois
  • Le résultat moyen est 19 sur 50
Statistiques - réponses
Population Villes % Correct
200 000 habitants Liège
97%
113 000 habitants Namur
96%
203 000 habitants Charleroi
95%
97 000 habitants Mons
90%
31 000 habitants Arlon
84%
69 000 habitants Tournai
74%
35 500 habitants Wavre
74%
81 000 habitants La Louvière
71%
56 000 habitants Verviers
66%
29 500 habitants Nivelles
62%
21 400 habitants Huy
61%
31 250 habitants Ottignies-Louvain-la-Neuve
61%
30 000 habitants Ath
60%
30 500 habitants Waterloo
58%
60 000 habitants Mouscron
56%
19 900 habitants Eupen
54%
64 000 habitants Seraing
52%
33 500 habitants Binche
45%
41 000 habitants Braine-l'Alleud
44%
26 500 habitants Gembloux
41%
17 800 habitants Marche-en-Famenne
41%
29 000 habitants Soignies
39%
28 000 habitants Andenne
37%
27 000 habitants Tubize
33%
40 500 habitants Herstal
32%
22 500 habitants Braine-le-Comte
31%
29 250 habitants Ans
30%
35 000 habitants Châtelet
29%
31 500 habitants Courcelles
27%
28 500 habitants Sambreville
27%
23 500 habitants Fleurus
25%
18 000 habitants Visé
22%
19 100 habitants Jemeppe-sur-Sambre
21%
23 700 habitants Saint-Ghislain
20%
22 750 habitants Rixensart
17%
24 500 habitants Saint-Nicolas
17%
26 250 habitants Flémalle
16%
18 850 habitants Quaregnon
14%
23 800 habitants Manage
12%
21 000 habitants Chaudfontaine
11%
18 900 habitants Lessines
11%
20 000 habitants Boussu
10%
18 100 habitants Comines-Warneton
10%
22 250 habitants Frameries
10%
17 650 habitants Herve
10%
20 700 habitants Colfontaine
9%
23 000 habitants Grâce-Hollogne
8%
19 300 habitants Morlanwelz
6%
18 400 habitants Walcourt
6%
17 850 habitants Fontaine-l'Evêque
4%
Aucun quiz correspondant
Distribution des résultats
% des personnes avec chaque résultat
Percentile par nombre de réponses
Votre historique - résultats
Vous n’avez pas pris ce quiz